| 000 | 00361nam a2200133 a 4500 | ||
|---|---|---|---|
| 005 | 20141022141958.0 | ||
| 008 | 120301s19uu xx 00 eng d | ||
| 050 |
_aCD-ROM _bP88 2004 |
||
| 100 | _aPratt, Charlotte W. | ||
| 245 |
_aEssential biochemistry / _cCharlotte Pratt, Kathleen Cornely. |
||
| 260 | _c2004. | ||
| 700 | _aCornely, Kathleen | ||
| 942 | _cAVM | ||
| 999 |
_c276068 _d276068 |
||